Perspectives on international relations: power, institutions and ideas (Record no. 42042)

MARC details
000 -LEADER
fixed length control field 00466nam a2200181Ia 4500
020 ## - INTERNATIONAL STANDARD BOOK NUMBER
ISBN 9781544374390
050 ## - CALL MARK
Classification number JZ 1305 .N38/
100 ## - STATEMENT OF RESPONSIBILITY--MAIN AUTHOR NAME
Personal name Nau, Henry R.
245 #0 - TITLE STATEMENT
Title Perspectives on international relations: power, institutions and ideas
250 ## - EDITION / VOLUME STATEMENT
Edition / Volume statement 7th ed.
260 ## - PUBLICATION, DISTRIBUTION, ETC. (IMPRINT)
Place of publication California
260 ## - PUBLICATION, DISTRIBUTION, ETC. (IMPRINT)
Name of publisher SAGE Publications
260 ## - PUBLICATION, DISTRIBUTION, ETC. (IMPRINT)
Year of publication 2021
650 ## - SUBJECT ADDED ENTRY--TOPICAL TERM
Topical Term California
942 ## - ADDED ENTRY ELEMENTS (KOHA)
Koha item type Books
Holdings
Withdrawn status Lost status Source of classification or shelving scheme Damaged status Not for loan Permanent Location Current Location Shelving location Date acquired Accession Number Price effective from Koha item type
    Library of Congress Classification     NILE UNIVERSITY OF NIGERIA - MAIN LIBRARY NILE UNIVERSITY OF NIGERIA - MAIN LIBRARY Items on shelf 06/03/2025 0195321 06/03/2025 Books
    Library of Congress Classification     NILE UNIVERSITY OF NIGERIA - MAIN LIBRARY NILE UNIVERSITY OF NIGERIA - MAIN LIBRARY Items on shelf 06/03/2025 0195322 06/03/2025 Books